| 000 | 00644nam a22001817a 4500 | ||
|---|---|---|---|
| 003 | 0 | ||
| 005 | 20160609165236.0 | ||
| 008 | 100105t xxu||||| |||| 00| 0 eng d | ||
| 037 |
_aM15388 _bBIBLIO |
||
| 040 |
_aUAC _bF _cEPAC |
||
| 082 | _a27.APE/AGOUA | ||
| 100 |
_aPatrick S. AGOUA _92531 |
||
| 245 | _aContribution à l'aménagement et à la gestion durable des forêts du Bénin : caractéristiques structurale,écologique et modes de gestion des plantations privées de teck dans la commune de Zè | ||
| 260 |
_aEPAC _bBIBLIO _c2007-2008 |
||
| 300 |
_aII-52p _c29cm |
||
| 650 |
_aAMENAGEMENT PROTECTION ENVIRONNEMENT _92532 |
||
| 942 | _cTHE | ||
| 999 |
_c46647 _d46647 |
||